| 000 | 00490 a2200169 4500 | ||
|---|---|---|---|
| 003 | OSt | ||
| 005 | 20231109160746.0 | ||
| 008 | 231109b |||||||| |||| 00| 0 eng d | ||
| 020 | _a9788187570219 | ||
| 040 | _coclc | ||
| 082 |
_a297.22 _bYAH/C |
||
| 100 | 1 |
_aYahya, Hârun _99885 |
|
| 245 |
_aCrude understanding of disbelief / _cHârun Yahya, |
||
| 260 |
_aNew Delhi: _bGoodword books, _c2004. |
||
| 300 | _a165p | ||
| 942 |
_2ddc _cBK _h297.22 _iYAH/C _k297.22 _mYAH/C |
||
| 999 |
_c43014 _d43014 |
||